000 01123nac a22003737a 4500
001 BR2013009140
003 BR-BrBNA
005 20240105124004.0
008 230509b bl.|||m| |||| 00| 0 por d
040 _aBR-BrBNA
_bpor
_cBiblioteca Nacional de Agricultura
072 _aQ53; L02
090 _a0331 BR2013009140
100 1 _aFurtado, R.F.
100 1 _aGuedes, M.I.F.
100 1 _aAlves, C.R.
100 1 _aDutra, R.A.F.
100 1 _aMoreira, A.C. de O.M.
110 1 _aEMBRAPA Agroindústria Tropical, Fortaleza, CE (Brasil)
_93541
245 1 _aProdução de anticorpos policlonais anti-ricina: metodologia científica
260 3 _aFortaleza, CE (Brasil):
_c2008.
300 _a17 p.
490 _aDocumentos - EMBRAPA Agroindústria Triopical (Brazil)
_vno. 116
_xISSN 1677-1915
500 _a7 ref.
650 _aMAMONA
650 _aRICINUS COMMUNIS
650 _aTOXINA
650 _aTORTA
650 _aSORO
650 _aANTICORPOMONOCLONAL
650 _aAMOSTRAGEM
650 _aNUTRIÇÃO ANIMAL
909 _a202312
_bLúcia Elande
_c55
_dLúcia Elande
942 _2AGRIS
_n0
_cMS
999 _c297862
_d297862